[Event "Serbian-ch 29th"]
[Site "Sabac"]
[Date "1998.04.27"]
[Round "8"]
[White "Zontakh, Andrey"]
[Black "Antic, Dejan"]
[Result "1-0"]
[WhiteElo "2545"]
[BlackElo "2460"]
[Annotator "Ftacnik,L"]
[PlyCount "123"]
[EventDate "1998.04.20"]
[EventType "tourn"]
[EventRounds "13"]
[EventCountry "YUG"]
[EventCategory "9"]
[SourceTitle "CBM 065"]
[Source "ChessBase"]
[SourceDate "1998.08.06"]
[SourceVersion "1"]
[SourceVersionDate "1998.08.06"]
[SourceQuality "1"]

{[%mdl 4228]} 1. e4 {Hecht} c5 2. Nf3 e6 3. d4 cxd4 4. Nxd4 Nc6 5. Nc3 a6 6.
Be2 d6 7. O-O Nf6 8. Be3 Be7 9. f4 O-O 10. a4 Qc7 11. Kh1 Re8 12. Bf3 Rb8 13.
g4 Nd7 14. g5 b6 (14... Bf8 15. Bg2 g6 $5 (15... Na5 16. Rf3 Nc4 17. Bc1 e5 (
17... g6 18. Rh3 Bg7 19. b3 Na5 20. Bb2 Nc6) 18. Nf5 exf4 (18... g6 19. Nd5 Qd8
20. Nh6+ Bxh6 21. gxh6 $14) 19. Bxf4 Nce5 20. Rh3 (20. Nd5 Qd8 21. Rc3 g6 22.
Nh6+ Bxh6 23. gxh6 Nc5 24. Qf1 $5 f5) 20... g6 (20... b5 $5 21. axb5 axb5 22.
Nd5 Qd8 23. Qh5 h6 24. Rg1 $1) 21. Nd5 Qd8 22. Nh6+ (22. Nfe3 Bg7 $11) (22. Qe1
$5 gxf5 $2 (22... h5 $1 23. Qh4 {/\ Ng3-h5~~}) 23. Qh4 h6 24. exf5 b5 25. Rg1
Bb7 26. Nf6+ Kh8 27. Bxb7 Rxb7 28. Qxh6+ $1 $18 {Gluzman,M-Arbakov,V/Sibenik/
1990/}) 22... Bxh6 (22... Kg7 23. Qd4 $14) 23. Rxh6 b5 24. Ra3 Kg7 25. Qe1 (25.
Rah3 Rh8 26. axb5 axb5 27. Ne3 Qb6 28. Nf5+ $5 gxf5 29. exf5 Qf2 $1) 25... Rh8
26. Qh4 bxa4 $1 {0-1 Fishbein,A-Browne,W/USA/1989/ (43)}) (15... Nxd4 16. Bxd4
b5 17. axb5 axb5 18. Ra7 Qd8 19. b4 e5 20. Be3 exf4 21. Bxf4 Ne5 22. Nd5 Bg4
23. Qd2 Nc6 24. g6 Nxa7 25. gxf7+ Kh8 26. Bg5 {1-0 Ivanchuk,V-Topalov,V/
Novgorod/1996/ (33)}) 16. Qe1 (16. Rf3 Bg7 17. Rh3 Nb6 $5 18. Nde2 Nc4 19. Bc1
d5 $5 20. b3 (20. exd5 exd5 21. Nxd5 Qa5 $44) 20... d4 (20... N4a5 21. e5 $1
$16) 21. bxc4 dxc3 22. e5 Ne7 23. Ba3 $1 Nf5 24. Nxc3 Bd7 (24... Qxc4 25. Ne4
$16) 25. Ne4 Rbd8 26. Bd6 Qa5 27. c5 $1 {1-0 Fishbein,A-Dorfman,J/New York op/
1989/ (41)}) (16. Qe2 b6 17. Rad1 Bb7 18. Qf2 Ba8 $10 {Silva-Mokry,K/Dubai ol/
1986/}) 16... b6 $5 (16... Bg7 17. Rd1 Na5 18. Rf3 b6 19. Rh3 Bb7 20. Qh4 Nf8
21. f5 exf5 22. exf5 Nc4 23. Bc1 Bxg2+ 24. Kxg2 Qb7+ 25. Kg1 Rbc8 {Kapnisis,
S-Mamedov,T/EU-chJM U16/1997/1/2-1/2 (59)}) 17. Nxc6 (17. Qh4 $5) 17... Qxc6
18. Bd4 $5 (18. e5 $6 Qc7 19. exd6 Bxd6 20. Ne4 Be7 21. c3 Bb7 22. Bd4 Bxe4 $5
23. Qxe4 Bc5 $15) (18. Qh4 $5 $13) 18... Bb7 (18... b5 19. axb5 axb5 20. Qf2
Bb7 21. Rae1 b4 22. f5 exf5 {1/2-1/2 Kovalev,A-Sokolov,A/Clichy op/1991/}) 19.
Qh4 Qc4 20. Rad1 e5 $1 21. b3 Qc7 22. fxe5 Nxe5 $15 (22... dxe5 $2 23. Rxf7
Kxf7 24. Qxh7+ $18) 23. Rf4 $6 (23. Qg3 {/\Rd2,Rfd1}) 23... Bg7 24. Qf2 Bc6 25.
Rf1 Rf8 {0-1 Beshukov,S-Sokolov,A/RUS-Cup2/1996/ (43)}) 15. Bg2 Bb7 16. Qg4 (
16. Qh5 g6 17. Qh3 Bf8 18. f5 Nde5 19. fxe6 Nxd4 20. exf7+ Nxf7 21. Bxd4 Nxg5
22. Qe3 Ne6 23. Bxb6 Qd7 24. Rad1 Bg7 25. Qg3 Bxc3 26. Rxd6 Qxa4 27. bxc3 Rbc8
28. Qh4 {1-0 De Firmian,N-Irzhanov,R/Luzern WchT 4th/1997/ (34)}) 16... Bf8 17.
Rad1 (17. f5 exf5 18. Qxf5 Nde5 19. Nd5 Qd8 20. Nb3 Ne7 21. Qf4 Rc8 22. Nd4
Nxd5 23. exd5 Qd7 24. b3 g6 25. c4 {Svidler,P-Kasparov,G/Linares/1998/1/2-1/2 
(52)}) 17... Nb4 18. Bg1 (18. Rd2 d5 19. e5 Nc6 $132) 18... g6 {This standard
move might not be the best in the position, black can hope to slow white's
attack with the timely counterattack 18...d5.} (18... d5 $5 19. e5 (19. f5 e5)
(19. exd5 Nxd5 20. Nxd5 Bxd5 21. Bxd5 exd5 22. Qf5 (22. Rfe1 Nc5) 22... Nc5 $15
) 19... Nc6 $13) 19. Rd2 Bg7 20. Rfd1 f5 (20... e5 $5 21. Nde2 exf4 22. Qxf4 (
22. Nxf4 $2 Ne5 23. Qh4 Nc4 $17) 22... Be5 23. Qh4 Re7 $11) 21. gxf6 Nxf6 22.
Qh3 Qf7 23. f5 $1 (23. Nde2 d5 $1 24. Bxb6 dxe4 $13) 23... exf5 (23... gxf5 24.
exf5 e5 25. Ne6 $16) 24. exf5 Nbd5 25. Nxd5 Bxd5 (25... Nxd5 $2 26. Ne6 $16)
26. Nc6 $1 {Zontakh maximises the advantage from his well coordinated pieces.}
(26. Bxd5 Qxd5+ 27. Rg2 Nh5 $13) 26... Bxg2+ (26... Rbc8 27. Rxd5 $1 Rxc6 (
27... Nxd5 28. Bxd5 $18) 28. c3 $16) 27. Qxg2 Rbc8 (27... Ne4 28. Nxb8 Nxd2 29.
Rxd2 Rxb8 30. fxg6 Qxg6 31. Qxg6 hxg6 32. Rxd6 $16) 28. fxg6 (28. Rxd6 gxf5 29.
Bxb6 Qh5 30. Rg1 Ng4 31. b4 (31. Bd4 $2 Rxc6 $1 32. Rxc6 Bxd4 33. Qd5+ Kf8 34.
Qd6+ Re7 35. Rc8+ Kf7 36. Qd5+ Re6 37. Qd7+ Re7 38. Qd5+ $11) 31... Re4 32. c3
$1 Bxc3 33. Rc1 $16) 28... Qxg6 (28... hxg6 29. Rxd6 Ne4 30. Rxg6 $18) 29. Qxg6
hxg6 30. Rxd6 {The position has become quiter, on top of the spare pawn white
can hope to bother weak pawns on the 6th rank.} Ne4 31. Rd8 Rexd8 (31... Bxb2
$2 32. Rxc8 Rxc8 33. Ne7+ $18) 32. Rxd8+ Rxd8 33. Nxd8 b5 (33... Bxb2 34. Bxb6
Nc3 35. a5 Ba3 36. Kg2 $16) 34. axb5 axb5 35. b3 Bf6 36. Nc6 (36. Ne6 Kf7 37.
Nc5 Nxc5 38. Bxc5 Bc3 39. Kg2 Ke6 40. Kf3 Kd5 $16) 36... Kf7 37. Kg2 Ke6 38.
Be3 (38. Kf3 Nc3 39. Ke3 Kd6 40. Nb4 Kc5 41. Nd3+ Kd6 42. h3 $16) 38... Kd5 39.
Nb4+ Ke5 40. Kf3 {Winning such endgame is not easy, black is well centralized
and the number of pawns is limited.} Ng5+ 41. Ke2 (41. Bxg5 $6 Bxg5 42. c3 Bd2
43. Nd3+ Kd5 44. Nf4+ Kc5 $14) 41... Ke4 42. Nd3 Ne6 43. Nf2+ Kd5 44. Kd3 Be5
45. h3 Bf4 (45... Nf4+ 46. Bxf4 Bxf4 47. Ne4 Bh6 48. c3 $16) 46. Ne4 Bxe3 47.
Kxe3 {The endgames with knights bear a great similarity with pure pawn
endgames. White chances for success have improved. Hecht: [#] Realization of
an extra pawn: connected versus lone passed pawn. Hecht: [#] Realisierung des
Mehrbauern; später: verbundene vs 1 Freibauer} Ke5 (47... Nd4 48. Kd3 Ne6 (
48... Nxc2 $4 49. Nc3+ $18) 49. Nc3+ Kc5 50. Ne2 $16) 48. Nd2 Kd5 49. c3 Nc5
50. h4 Ke5 (50... b4 $6 51. cxb4 Na6 52. b5 Nc5 53. b4 Nd7 54. Kd3 $16) 51.
Nf3+ Kf5 (51... Kd5 $2 52. Nd4 Ke5 53. b4 Na4 54. Nxb5 $18) 52. b4 Na4 53. Nd4+
Kg4 54. Nxb5 Kxh4 55. c4 g5 (55... Kg5 56. Nd6 Kf6 57. Kd4 $18) 56. Nd6 g4 57.
Kd4 Kg5 (57... g3 58. Nf5+ Kg4 59. Nxg3 $1 Kxg3 60. c5 Kf4 61. b5 $18) 58. c5
Kf6 59. Ne4+ Ke6 60. b5 Ke7 (60... Nb2 61. b6 Kd7 62. Kd5 Na4 63. c6+ Kd8 64.
b7 Kc7 65. Nf6 $18) 61. Kd5 Kd8 62. Kc6 (62. Kc6 Kc8 63. b6 Kb8 64. Kb5 $18)
1-0

[Event "RUS-chT 05th"]
[Site "Maikop"]
[Date "1998.06.05"]
[Round "3"]
[White "Drozdov, Igor"]
[Black "Saulin, Dmitri"]
[Result "1-0"]
[WhiteElo "2440"]
[BlackElo "2375"]
[Annotator "Ftacnik,L"]
[PlyCount "77"]
[EventDate "1998.06.03"]
[EventType "team-tourn"]
[EventRounds "11"]
[EventCountry "RUS"]
[SourceTitle "CBM 066"]
[Source "ChessBase"]
[SourceDate "1998.09.30"]
[SourceVersion "1"]
[SourceVersionDate "1998.09.30"]
[SourceQuality "1"]
[WhiteTeam "Noyabrsk Yamal"]
[BlackTeam "Moscow Apiko-Yakimanka"]
[WhiteTeamCountry "RUS"]
[BlackTeamCountry "RUS"]

1. e4 c5 2. Nf3 d6 3. d4 cxd4 4. Nxd4 Nf6 5. Nc3 a6 6. a4 e6 7. Be2 Be7 8. O-O
O-O 9. f4 Qc7 10. Kh1 Nc6 11. Be3 Re8 12. Bd3 Nb4 13. a5 Bd7 14. Qf3 e5 (14...
Bc6 15. Qh3 (15. Qg3 Nxd3 (15... Bf8 16. Nf3 Nd7 17. Qf2 Nc5 18. Rfd1 Rac8 19.
e5 Ncxd3 20. cxd3 Bxf3 21. Qxf3 dxe5 22. fxe5 Qxe5 23. Rf1 Qc7 {Brod,M-Tratar,
M/Mitropa Cup17th/1997/0-1 (63)}) 16. cxd3 Nd7 (16... d5 17. Nxc6 bxc6 18. Bd4
Qd8 19. Be5 Bf8 20. f5 Nd7 21. Bc7 Qc8 22. fxe6 fxe6 23. Na4 Ra7 {1/2-1/2
Bronstein,L-Llanos,G/ARG-ch/1991/ (35)}) 17. Nf3 (17. Qf2 d5 18. e5 Bb4 19. Nb3
g6 20. Rfc1 Qd8 21. Bd4 Rc8 {0-1 Brod,M-Krupkova,P/Mitropa Cup17th/1997/ (40)})
17... Bf6 18. Qf2 Nc5 (18... g6 19. Nd2 Bg7 20. Nc4 Bb5 21. Nxb5 axb5 22. Nb6
Nxb6 23. Bxb6 {1/2-1/2 Arnason,J-Polugaevsky,L/Haninge/1989/}) 19. Qc2 b5 $2
20. axb6 Qb7 (20... Qxb6 21. e5 $1 dxe5 22. b4 $18) 21. Nd2 Rac8 22. Nc4 Be7
23. Na5 Qb8 24. d4 Nd7 25. Nxc6 Rxc6 26. d5 Rcc8 27. dxe6 fxe6 28. Rxa6 {
1-0 Arnason,J-Hellers,F/Haninge/1989/ (31)}) (15. g4 Nd7 16. Qh3 Nc5 17. Nxc6
Qxc6 18. Bxc5 dxc5 19. Rf2 c4 20. Bf1 Qc5 21. Qg2 Nc6 22. e5 Nxa5 {0-1 Cmiel,
P-Djubek,B/CSR-ch23 corr/1989/ (47)}) 15... Bd8 (15... Nd7 16. f5 e5 17. Nb3
Nf6 18. Bb6 Qc8 19. Rae1 Bd8 20. Bxd8 Qxd8 21. Rd1 Qe7 22. Rfe1 Rad8 23. Nd2 d5
{0-1 Westerinen,H-Ftacnik,L/Palma de Mallorca GMA/1989/ (43)}) (15... Bf8 16.
Qg3 Nd7 17. Bd2 Nc5 18. Rf3 d5 19. e5 Ne4 20. Qe1 Nxd2 21. Qxd2 Bd7 22. Rh3 g6
23. Qf2 Be7 24. g4 Qc5 {Shevelevich,E-Shipov,S/RUS-chT/1992/1/2-1/2 (86)}) 16.
Nf3 e5 17. fxe5 dxe5 18. Nh4 Nxd3 19. cxd3 g6 20. Nf3 Qd7 21. Qxd7 Nxd7 22. Nd2
Be7 23. Nc4 Bc5 {Mortensen,E-Polugaevsky,L/Luzern olm/1982/1/2-1/2 (54)}) (
14... Rac8 15. Qg3 Nxd3 (15... Nh5 16. Qf3 Nf6 17. Qg3 Nh5 18. Qf3 Nf6 {
1/2-1/2 Psakhis,L-Kasparov,G/Manila olm/1992/}) 16. cxd3 Bc6 17. Nf3 Nd7 18.
Qf2 Nc5 19. Qc2 Nd7 20. Qf2 Nc5 21. Qc2 Nd7 22. Qf2 {1/2-1/2 Kuczynski,
R-Wojtkiewicz,A/POL-chT/1990/}) 15. fxe5 dxe5 16. Nf5 Bxf5 17. Qxf5 Rac8 $6 (
17... Nxd3 18. cxd3 Bb4 19. Bh6 Qd7 20. Qxd7 Nxd7 21. Nd5 Bd6 22. Be3 Rac8 23.
Rfc1 Rxc1+ 24. Rxc1 Nb8 25. b4 Nc6 {1/2-1/2 Smirin,I-Novikov,I/Rubinstein mem/
1989/ (33)}) 18. Nd5 $1 Nbxd5 (18... Qd6 19. Nxb4 Qxb4 20. Ra2 $14) (18...
Nfxd5 19. exd5 Nxd3 20. Qxf7+ Kh8 21. cxd3 $16) 19. exd5 e4 (19... Qd6 20. c4
e4 21. Be2 Qb4 22. Bd4 Qd2 23. Qf2 $14) 20. Bb6 $1 Qb8 (20... Qd6 21. Bxe4 Qb4
22. Bd3 Qxb2 23. c4 Bd6 24. c5 Bxc5 $140 25. Rac1 $16) 21. Bxe4 Bc5 {It is a
bit unusual to sacrifice two pawns and then switch to positional play.} (21...
Bd6 22. Rae1 Bxh2 23. Bd4 $1 Be5 24. Bxe5 Rxe5 25. Qxe5 Qxe5 26. Bxh7+ Kxh7 27.
Rxe5 Rxc2 28. b4 $16) 22. Bxc5 Rxc5 (22... Rxe4 $2 23. Bd6 $1 Qa8 24. Be5 $18)
23. Bf3 Qc7 24. b4 Rb5 (24... Rxc2 25. d6 Qc4 26. Rad1 Rd2 27. Qc5 Qd3 28. Qc1
Rxd1 29. Rxd1 Qb5 30. Qc5 $16) 25. Rab1 Qc4 {In a way black was right, his
active pieces control most of the board and white pawns are quite weak.} (25...
Re5 26. Qd3 $16) 26. c3 (26. Rfe1 Rxb4 27. Rxe8+ Nxe8 28. Rd1 Qc3 $14) 26...
Qxc3 27. Qf4 Qe3 $2 (27... b6 $1 28. axb6 Rxb6 29. d6 Qe5 30. Qxe5 Rxe5 31.
Rbd1 Rb8 32. Rd4 a5 33. bxa5 Rxa5 $11) 28. Qc7 Qe7 (28... Re7 29. d6 $3 Rxc7
30. dxc7 Qe8 31. Rfd1 Nd5 32. Bxd5 Qc8 33. Rbc1 Kf8 34. Bxb7 Qxb7 35. c8=Q+ $18
) 29. d6 Qd7 (29... Qxc7 30. dxc7 Rc8 31. Rfd1 $18) 30. Rfc1 {Drozdov has
achieved great progress, he can hope to win vital b7 pawn with serious
consequenes for black.} h5 31. h3 Rd8 32. Qxd7 Rxd7 (32... Nxd7 33. Rd1 (33.
Rc7 Ne5 34. Rxb7 (34. Bxb7 Rxd6 $11) 34... Nxf3 35. Rxb5 axb5 36. gxf3 Rxd6 $14
) 33... Kf8 $14) 33. Rc8+ Kh7 34. Rc7 (34. Rc5 $5 Rxd6 35. Rxb5 axb5 36. Bxb7
$16) 34... Kg6 (34... Rxd6 35. Rxb7 Rxb7 36. Bxb7 g5 37. b5 axb5 38. a6 $18)
35. Rc5 h4 (35... Rxd6 36. Rxb5 axb5 37. Bxb7 $16) 36. Be2 $1 Rxc5 37. bxc5 Kg5
$2 (37... Ne4 $1 38. Bd3 f5 39. Bxe4 fxe4 40. Rf1 Rd8 41. Rf4 Rc8 42. Rxe4 Rxc5
43. Rd4 Rc8 44. Rxh4 $16) 38. Bf3 Nh5 39. Bxb7 1-0

[Event "RUS-chT 16th"]
[Site "Dagomys"]
[Date "2009.04.04"]
[Round "1"]
[White "Alekseev, Evgeny V"]
[Black "Movsesian, Sergei"]
[Result "1/2-1/2"]
[WhiteElo "2716"]
[BlackElo "2747"]
[Annotator "Ftacnik,L"]
[PlyCount "99"]
[EventDate "2009.04.04"]
[EventType "team-tourn"]
[EventRounds "7"]
[EventCountry "RUS"]
[SourceTitle "EXT 2020"]
[Source "ChessBase"]
[SourceDate "2019.10.17"]
[SourceVersion "1"]
[SourceVersionDate "2019.10.17"]
[SourceQuality "1"]
[WhiteTeam "Saratov Ekonomist SGSEU"]
[BlackTeam "Sankt Petersburg Chess Federation"]
[WhiteTeamCountry "RUS"]
[BlackTeamCountry "RUS"]

1. e4 c5 2. Nf3 e6 3. d4 cxd4 4. Nxd4 Nf6 5. Nc3 d6 6. Be2 Nc6 7. Be3 Bd7 8. f4
Be7 9. Nb3 O-O 10. O-O a6 11. a4 b6 12. Bf3 Qc7 13. g4 Bc8 {Black is
retreating with the bishop in order to make space for the knight f6. The
positive aspect of the investment of the two tempi in a semi-closed position
was the pushing of the white knight to the modest square b3.} 14. g5 Nd7 15.
Bg2 Re8 16. Qh5 Bf8 {The best way to defend against the model attacking plan
is still unclear, even though many motifs from our game are well known.
Movsesian believes that it makes sense to hold back the natural ...g7-g6
advance till the most suitable moment.} (16... g6 17. Qh6 Nb4 18. Rac1 Bb7 19.
Rf3 Bf8 20. Qh4 Bg7 21. Rh3 Nf8 22. Qf2 Nd7 23. Rf1 Qc4 24. Rd1 Qc7 25. Rd2 Re7
26. Qh4 Nf8 27. f5 exf5 28. exf5 Bxg2 29. Kxg2 Qb7+ 30. Kf2 $16 {1-0 Schmaltz,
R (2520)-Bischoff,K (2550)/Bremen 1998 (37)}) (16... Bb7 17. f5 Nde5 18. Rf4 g6
19. Qh6 Bf8 20. Qh3 Nb4 21. Nd4 {1/2-1/2 Adorjan,A (2515)-Kurajica,B/Wijk aan
Zee 1973}) 17. f5 $5 $146 {Alekseev has done his homework and advances the
f-pawn immediately. The threat of f5-f6 will limit the freedom of the bishop
on f8.} (17. Rf3 g6 18. Qh4 Bg7 (18... Qd8 19. Rh3 h5 20. Bf3 Bg7 21. Re1 Rb8
22. Ne2 Nb4 23. Rc1 e5 24. f5 d5 25. exd5 e4 26. Bxe4 Ne5 27. Rf1 Nxd5 28. Rd1
Bb7 29. Nc3 $18 {1/2-1/2 Gara,A (2285)-Berezin,O (2455)/Budapest 1998 (43)})
19. Raf1 Nf8 20. Kh1 Rb8 21. f5 Ne5 22. Rh3 b5 23. axb5 axb5 $16 {1-0 Tiviakov,
S (2635)-Ahmed,S (2309)/Dhaka 2003 (30)}) 17... g6 18. Qh3 Nde5 19. Rf4 (19.
Nd4 Nb4 $1 20. fxe6 Bxe6 21. Nxe6 Rxe6 $14) 19... Na5 20. Raf1 {[%mdl 4] The
critical moment of the early middlegame. It must have been pretty difficult to
choose between the text and the more aggressive attack against the h7-pawn.
The rook move to h4 will most likely be tested in the future as it seems quite
challenging for the defence. In our game Movsesian never managed to get
sufficient counterplay. The plan with an early f4-f5 advance seems dangerous
for Black.} (20. Rh4 $5 h5 21. gxh6 exf5 22. exf5 Bxf5 23. Qg3 Nxb3 24. cxb3
Kh8 25. Bxa8 Rxa8 26. Rf1 $16) 20... Nac4 (20... Nxb3 21. cxb3 Qd8 22. Rh4 h5
23. gxh6 exf5 24. exf5 Bxf5 25. Qg3 Be7 26. Rh5 Bd3 27. Rd1 $16) 21. Bc1 {
White is politely retreating with his pieces, as the attacking motif along the
h-file would offer Black distinct counterplay.} (21. Rh4 h5 22. gxh6 Nxb2 $1
23. Bd4 Nbc4 24. fxg6 fxg6 25. Rhf4 Qh7 $16) 21... b5 22. axb5 Qb6+ 23. Kh1
axb5 24. Rh4 h5 25. gxh6 b4 {Movsesian needs to generate counterplay on the
queenside, since otherwise in the medium term he will lose on the other side
of the board.} (25... Be7 26. f6 Bf8 27. Ne2 Nc6 28. Qg3 Bb7 29. Nf4 $40) (
25... Kh7 26. fxg6+ fxg6 27. Ne2 Be7 28. Rhf4 $16) 26. Ne2 Ra7 (26... exf5 $2
27. exf5 Bxf5 28. Rxf5 gxf5 29. Bxa8 Rxa8 30. Qg2+ Ng6 31. h7+ Kh8 32. Qxa8 $18
) (26... Bd7 27. Nbd4 Be7 28. b3 Na3 29. f6 Bf8 30. Be3 $16) 27. Nbd4 exf5 (
27... Kh7 28. fxg6+ fxg6 29. Rhf4 Be7 30. b3 Na3 31. Be3 $18) 28. exf5 Ra1 {
The rook is leaving the defence of the 7th rank and striving for activity
instead.} 29. Nf4 (29. Qg3 Kh8 30. fxg6 fxg6 31. Rhf4 Be7 32. b3 Na3 33. Be3
Rxf1+ 34. Rxf1 Bb7 35. Nf4 $16) 29... Kh7 (29... Bb7 30. fxg6 fxg6 31. Nd5 Bxd5
32. Bxd5+ Kh7 33. Rhf4 $18) 30. Nd5 Qd8 31. Qg3 {Alekseev's pieces are
dominating the board; at this stage his position is practically winning.} Bb7 (
31... Be7 32. f6 Bf8 33. b3 Nb6 34. Nxb4 $18) 32. fxg6+ fxg6 33. Nb3 $6 {
White was somewhat overwhelmed by the generous choise of good continuations.
At this moment he misses the chance to decide the game right away.} (33. Rhf4
$1 Be7 34. Nb3 Ra8 (34... Rxc1 35. Nxc1 Bg5 36. Rf7+ Nxf7 37. Rxf7+ Kxh6 38.
Rxb7 Bxc1 39. Qh3+ Kg5 40. Rh7 Re1+ 41. Bf1 $18) 35. Rxc4 Nxc4 36. Rf7+ Kh8 37.
Qxg6 $18) 33... Bxd5 34. Bxd5 Ne3 $1 {Black was hoping for a chance to
complicate matters with some tactics. The knight move to the centre of White's
position is truly spectacular.} 35. Nxa1 (35. Qxe3 Rxc1 36. Qa7+ Qe7 37. Qxe7+
Bxe7 38. Nxc1 Bxh4 $11) 35... Nxf1 36. Qf2 Qa5 37. Bg2 (37. Be4 Qxa1 38. Qxf1
Be7 39. Rf4 Kh8 40. Rf2 $16) 37... Qxa1 38. Qxf1 b3 39. cxb3 $2 {Time trouble
have spoiled so many chess games, that it deserves a special title. Alekseev
throws away a huge part of his great advantage.} (39. Rf4 $1 bxc2 (39... Be7
40. Rf7+ Kg8 41. Rg7+ Kh8 42. Rxe7 $18) 40. Be4 Bxh6 (40... Rc8 41. Rf7+) 41.
Rh4 $18) 39... Rc8 40. Be3 Qxf1+ 41. Bxf1 Rc2 42. Rf4 Bxh6 43. Rf2 {
Disappointed with the turn of events, White abstains from the much more
unpleasant line with the pin along the h-file.} (43. Rh4 $5 Ng4 44. Bd4 Ne5 45.
Bc3 Kg7 46. Re4 $16) 43... Rc7 44. Bxh6 Kxh6 45. b4 d5 (45... Rc1 46. b5 Ng4
47. Rf3 Rb1 48. b3 Ne5 49. Rh3+ Kg5 50. Kg1 Kf4 51. b6 Nf3+ 52. Kf2 Rb2+ 53.
Be2 Nd4 54. Rh4+ Ke5 55. b7 Rxb3 56. Ba6 Rb2+ $11) 46. Rd2 (46. Ba6 d4 47. b5
Rc4 48. b6 Rb4 49. b7 Nd7 50. Rf4 Rxb2 51. Rxd4 Nc5 $11) 46... Rc1 47. Kg2 Nc4
$1 {A miracle of survival is complete, Black has managed to defend a very
dubious position.} 48. Bxc4 (48. Re2 $6 d4 $1 49. b3 Ne3+ 50. Rxe3 dxe3 51. Bc4
Rc2+ $15) 48... Rxc4 49. b5 (49. Rxd5 Rxb4 50. Rd2 Rb3 $14) 49... Rc5 50. b6
1/2-1/2

[Event "Moscow Aeroflot op-A"]
[Site "Moscow"]
[Date "2006.02.12"]
[Round "5"]
[White "Jakovenko, Dmitrij"]
[Black "Shchekachev, Andrei"]
[Result "1-0"]
[WhiteElo "2662"]
[BlackElo "2570"]
[Annotator "Ftacnik,L"]
[PlyCount "49"]
[EventDate "2006.02.08"]
[EventType "swiss"]
[EventRounds "9"]
[EventCountry "RUS"]
[SourceTitle "CBM 112"]
[Source "ChessBase"]
[SourceDate "2006.06.07"]
[SourceVersion "1"]
[SourceVersionDate "2006.06.07"]
[SourceQuality "1"]

1. e4 c5 2. Nf3 d6 3. d4 cxd4 4. Nxd4 Nf6 5. Nc3 a6 6. Be3 Nc6 7. Be2 e6 8. a4
Be7 9. O-O O-O 10. f4 Qc7 11. Kh1 Re8 12. a5 Nxa5 13. e5 dxe5 14. fxe5 Qxe5 15.
Bf4 Qc5 16. Na4 Qa7 17. Be3 Nd5 {[%mdl 4] The fresh new move in the popular
line with the spirited 12.a5. The downside to the idea is the vulnerability of
the black´s kingside position.} (17... b6 18. b4 Nd5 19. Bg1 Bxb4 20. Bd3 Qc7
21. c4 Nc3 22. Nxc3 Bxc3 23. Ra3 e5 24. Rxc3 exd4 25. Bxd4 Re6 26. Bxh7+ Kxh7
27. Rg3 Qxg3 28. hxg3 {1-0 Mastrovasilis,D (2573)-Iotov,V (2420)/Kusadasi 2006/
(58)}) 18. Bg1 b5 (18... b6 19. c4 Nb4 (19... Nf6 20. b4 Bxb4 21. Nc2 Bc5 (
21... Qe7 22. Nxb4 Qxb4 23. Nxb6 $18) 22. Nxc5 Qc7 23. Na4 $18) 20. Nf3 Bd8 (
20... Rd8 21. Qb1 Rb8 22. Nxb6 Rxb6 23. Rxa5 Nc6 $11) 21. c5 bxc5 22. Ne5 f6
23. Bxc5 $14) 19. Nxb5 Qb8 (19... Qb7 20. Nbc3 Nxc3 21. bxc3 Nc6 22. Nb6 Rd8
23. Bd3 Rb8 24. Bxh7+ Kxh7 25. Qh5+ Kg8 26. Qxf7+ Kh7 27. Rf3 Bg5 28. Qh5+ Bh6
29. Be3 Ne5 30. Bxh6 Nxf3 31. Bg5+ Kg8 32. Bxd8 $16) 20. Nbc3 {Despite the
extra pawn black pieces are quite badly coordinated.} Bd8 (20... Nxc3 21. bxc3
Bb7 22. Nb6 Nc6 23. Nxa8 Qxa8 24. Bf3 $14) 21. Bf3 (21. Nxd5 exd5 22. Bf3 Be6
23. Bxd5 Bxd5 24. Qxd5 Qb7 25. Rae1 $16) 21... Bb7 (21... Nxc3 22. bxc3 Bb7 23.
Nc5 Bxf3 24. Qxf3 Ra7 25. Nb3 Nxb3 26. Bxa7 Qxa7 27. Rxa6 Qe7 28. cxb3 $18) 22.
Nc5 Nxc3 23. bxc3 Bxf3 (23... Bc6 24. Nb3 Qb5 25. c4 Qg5 26. Nxa5 Bxf3 27. Qxf3
Bxa5 28. c5 $16) 24. Qxf3 f6 (24... Ra7 25. Nb3 $18) 25. Nxe6 $1 {Excellent
blow at the vulnerable spot, black position is falling apart.} (25. Nxe6 $1
Rxe6 26. Qd5 Qc8 27. Rfe1 Kf7 28. Rxe6 Qxe6 29. Qxa8 $18) 1-0